01012nam a2200205Ia 4500001000600000008004100006020001800047082001500065245009900080260002300179300001100202440006700213500025300280503005500533650001500588650003800603650003600641650002800677700010100705Z_125220601s9999 xx 000 0 und d a968-24-1141-6 a636.39 C33 aCabras / Johan H. Koeslag; colaborador A. Fernán Castellanos E.; revisión F. Orozco Luna aMéxico : Trillas a108 p. aManuales para educación agropecuaria: Producción animal; 4 ala biblioteca cuenta con la 5a reimpresión de1985, y la 7a. reimpresión de1988Basado en el trabajo de Johan H. Koeslag. Este manaual ha sido elaborado dentro de un proyecto de cooperación técnica internacional de la DGETA, SEP, FAO Y PNUD.  aej.1: ?, ej.2: C/E, ej.3: C/E, FALTAN 2 EJEMPLARES a1. Cabras  aGanado cabrío - Alimentación  aGanado cabrío - Producción  aGanado cabrío - razas aI. Koeslag, Johan H. \ II. Castellanos E., A. Fernán, colab. \ III. Orozco Luna, F., rev.Ì